000 00469nam a22001577a 4500
005 20251108171213.0
008 250721s1988 xx 000 0 ara d
082 1 4 _aم/331.09565/ارد
245 1 0 _aالتقرير السنوي لعام 1988 /
264 1 _aعمان :
_bوزارة العمل : مديرية الأبحاث،
_c1988.
650 1 7 _aالعمل والعمال
650 1 7 _aالأردن
650 1 7 _aتقرير
942 _2ddc
_cREF
999 _c59257
_d59257